Moving Target Sorting Gallery Quiz Stats

 Plays Quiz Updated Jun 26, 2017

Support Sporcle.
Go Orange.
Score 0/38 Timer 00:30
0 Plays Today
% Correct
???
97.5%
???
96.9%
???
96.6%
???
96.2%
???
95.6%
???
94.9%
???
94.3%
???
93.4%
???
92.7%
???
91.5%
???
90.5%
???
89.6%
???
89%
???
88.1%
???
87.8%
???
87.3%
???
86.6%
???
84.4%
???
82.4%
% Correct
???
80.2%
???
77.4%
???
74.2%
???
70.8%
???
67.4%
???
63.5%
???
59.6%
???
54.8%
???
49.5%
???
44.7%
???
40.1%
???
34.4%
???
28.7%
???
23.8%
???
19.5%
???
15.8%
???
11.4%
???
8.4%
???
6%

You're not logged in!

Compare scores with friends on all Sporcle quizzes.
OR
Log In
Forgot?

From the Vault

US Cities In Song Lyrics

by JoeBeta

We can't imagine that any of these songs are catchier than 'Fifty Nifty United States'.
Remove Ads.
Support Sporcle.
Get the best of Sporcle when you Go Orange. This ad-free experience offers more features, more stats, and more fun while also helping to support Sporcle. Thank you for becoming a member.

Show Comments

Extras

Top Quizzes Today


Score Distribution

Your Account Isn't Verified!

In order to create a playlist on Sporcle, you need to verify the email address you used during registration. Go to your Sporcle Settings to finish the process.

Report this User

Report this user for behavior that violates our Community Guidelines.

Details: